[Event "WchT Seniors 65"]
[Site "Rhodes"]
[Date "2019.04.20"]
[Round "5.12"]
[White "Maki, Christer"]
[Black "Harestad, Thor Geir"]
[Result "0-1"]
[WhiteElo "1885"]
[BlackElo "2200"]
[PlyCount "26"]
[EventDate "2019.04.16"]
[EventType "team-swiss"]
[EventRounds "9"]
[EventCountry "GRE"]
[SourceTitle "CBM 190 Extra"]
[Source "ChessBase"]
[SourceDate "2019.07.15"]
[SourceVersion "1"]
[SourceVersionDate "2019.07.15"]
[SourceQuality "1"]
[WhiteTeam "Sweden IV"]
[BlackTeam "Norway"]
[WhiteTeamCountry "SWE"]
[BlackTeamCountry "NOR"]

1. e4 c5 2. g3 d5 3. exd5 Qxd5 4. Qf3 Nf6 5. Nc3 Qxf3 6. Nxf3 a6 7. Bg2 Nc6 8. a3 Bg4 9. Ne2 e6 10. d3 Be7 11. h3 Bh5 12. 0-0 0-0 13. Be3 Rac8 0-1